1947 1523 1895 1900 1925 1412 1682 1640 1309 1583 1688 1144 1166 1494 1198 1968 1921 1835 1329 1969 1493 1626 1743 1055 1636 1392 1953 1982 1390 1617 1479 1733 1075 1214 1301 1658 1563 1970 1549 1358 1664 1509 1287 1735 1966 1265 1937 1844 1565 1416 1240 1661 1358 1109 1656 1093 1217 1936 1092 1182 1021 1502 1445 1970 1403 1876 1461 1447 1167 1728 1024 1141 1423 1747 1747 1573 1377 1727 1419 1832 1083 1467 1244 1365 1471 1234 1915 1737 1453 1853 1413 1970 1500 1613 1393 1742 1153 1021 1122 BCNSPRNW ULIB Ver.6.0+V

เปลี่ยนเป็นภาษาไทย

Change to English
 แสดงรายละเอียดบรรณานุกรม
  กลับหน้าหลัก

Brief Record : Get Marc (ISO 2709) : E-mail record : QR code < ปิดหน้าต่าง
LEADER : 00000nam 2200000uu 4500
001    13399122593
003     ULIB
008    020711s2545 th a 000 0 tha d
020    9743226923
090    นว.^bA613ด
100    Ann M. Martin.;^eเขียน
245    เดอะดอลล์ พีเพิล /^cAnn M. Martin & Laura Godwin ; เขียน,วิลาวัณย์ ฤดีศานต์ ; แปล
260    กรุงเทพฯ :^bมติชน,^c2545
300    240 หน้า
700    Laura Godwin.;^eเขียน
700    วิลาวัณย์ ฤดีศานต์. ;^e แปล
945    ^p175^l0^i20039
999    ^aทศพร เกษรทอง
รายการนี้ยังไม่มีแท็ก
คุณยังไม่ได้ล็อกอิน คุณสามารถมีกิจกรรมร่วมกับเว็บไซต์ได้ แต่ต้องล็อกอินก่อน ::
  ล็อกอิน

รายการสื่อสารสนเทศ

ลำดับที่ ประเภท เลขเรียก/บาร์โค้ด สถานที่ สถานะ
1. นวนิยาย
นวนิยาย
นว. A613ด ฉ.1 
  Barcode: 20039
ห้องสมุดวิทยาเขตสวรรค์ประชารักษ์
►นวนิยาย
บนชั้น
  ขอยืม

BibComment


ยังไม่เคยถูกคอมเมนท์

คอมเมนท์ทรัพยากรรายการนี้
  คอมเมนท์: เดอะดอลล์ พีเพิล ..


 Copyright 2026. Bcnsprnw @Library